000 00938 a2200289 4500
999 _c115306
_d115306
003 BJBSDDR
005 20230411090724.0
007 ta
008 140621s2010 ck ||||| |||| 00| 0 spa d
020 _a9789589726112
020 _a9589726119
040 _bspa
_cBJBSDDR
041 _aspa
050 1 4 _aPT 2625
_bZ94t 2010
082 0 0 _a833/.9/12
100 1 _aZuleta Velásquez, Estanislao,
_d1935-1990
245 1 0 _aThomas Mann, La montaña mágica y la llanura prosaica /
_cEstanislao Zuleta.
250 _a5a edición
260 _aMedellín :
_bHombre Nuevo Editores,
_c2010
300 _a372 p. ;
_c22 cm
500 _a"Primera edición: Instituto Colombiano de Cultura, Colcultura 1977"--Title page verso.
600 1 0 _aMann, Thomas,
_d1875-1955
_tZauberberg
650 4 _913589
_aLiteratura alemana
_xHistoria y crítica
650 4 _97622
_aNovela alemana
_xHistoria y crítica
942 _2lcc
_cBK
946 _idpf